Unos bosques sembrados de aserríos : (Registro nro. 4252)

Detalles MARC
000 -CABECERA
Campo de control 01083cam a2200265 i 4500
005 - FECHA Y HORA DE LA ULTIMA TRANSACCION
Campo de control 20191224041730.0
008 - ELEMENTOS DE LONGITUD FIJA—INFORMACION GENERAL
Campo de control 031210s2003 ck abo r 000 0 spa d
015 ## - NATIONAL BIBLIOGRAPHY NUMBER
National bibliography number SSS
020 ## - ISBN
ISBN 9586556611
040 ## - FUENTE DE CATALOGACIÓN
Agencia catalogadora original CO-BoPUJ
Agencia transcriptora CO-BoIAVH
Agencia Modificadora CO-BoIAVH
041 0# - IDIOMA
Código de idioma para texto/pista de sonido o título separado Español
043 ## - GEOGRAPHIC AREA CODE
Geographic area code s-ck---
082 04 - NUMERO DE CLASIFICACION DECIMAL DEWEY
Número de clasificación 634.9
Número del ítem L43u
100 1# - ASIENTO PRINCIPAL--NOMBRE PERSONAL
Nombre personal Leal, Claudia
Fechas asociadas con el nombre 1970-
9 (RLIN) 61668
245 10 - MENCION DE TITULO
Título Unos bosques sembrados de aserríos :
Parte restante del título historia de la extracción maderera en el Pacífico colombiano /
Mención de responsabilidad Claudia Leal y Eduardo Restrepo.
260 ## - PUBLICACION, DISTRIBUCION, ETC. (PIE DE IMPRENTA)
Lugar de publicación, distribución, etc. Medellín :
Nombre del editor, distribuidor, etc. Universidad de Antioquia
Fecha de publicación, distribución, etc. 2003.
300 ## - DESCRIPCION FISICA
Extensión 165 páginas :
Otros detalles físicos ilustraciones, fotos y mapas ;
Dimensiones 22 cm.
650 14 - ASIENTO SECUNDARIO DE MATERIA - TERMINO TEMATICO
Término temático o nombre geográfico como elemento de entrada Explotación forestal
Subdivisión geográfica Región pacífica (colombia)
9 (RLIN) 61669
650 24 - ASIENTO SECUNDARIO DE MATERIA - TERMINO TEMATICO
Término temático o nombre geográfico como elemento de entrada Industrias de la madera
Subdivisión geográfica Región pacífica (colombia)
9 (RLIN) 61670
700 1# - ASIENTO SECUNDARIO - NOMBRE PERSONAL
Nombre personal Restrepo, Eduardo,
Término de relación autor.
9 (RLIN) 21684
710 2# - ASIENTO SECUNDARIO - NOMBRE CORPORATIVO
Nombre corporativo o de jurisdicción como elemento de entrada COLCIENCIAS
9 (RLIN) 10710
710 2# - ASIENTO SECUNDARIO - NOMBRE CORPORATIVO
Nombre corporativo o de jurisdicción como elemento de entrada Instituto Colombiano de Antropología e Historia.
9 (RLIN) 14206
710 2# - ASIENTO SECUNDARIO - NOMBRE CORPORATIVO
Nombre corporativo o de jurisdicción como elemento de entrada Universidad Nacional de Colombia. (Medellín)
Unidad subordinada Facultad de Ciencias Humanas y Económicas
9 (RLIN) 61672
942 ## - ELEMENTOS ADICIONALES (KOHA)
Sistema de clasificación Dewey Decimal Classification
Tipo de ítem Libro
Existencias
Withdrawn status Lost status Sistema de Clasificación Damaged status No para préstamo Colección Inventariado Ubicación Permanente Ubicación actual Fecha de adquisición Fuente de Valor Valor Total Checkouts Número topográfico Inventario / Código de Barras Date last seen Date checked out Ejemplar Price effective from Forma de adquisición Tipo de material
    Dewey Decimal Classification     General Inventariado 2017 Bogotá Bogotá 17/01/2005 Instituto 15000.00 1 LB-634.9 L43u 017025 10/01/2014 10/01/2014 Ej. 1 04/12/2012   Libro